<?xml version="1.0" encoding="UTF-8"?>
<record
    xmlns:xsi="http://www.w3.org/2001/XMLSchema-instance"
    xsi:schemaLocation="http://www.loc.gov/MARC21/slim http://www.loc.gov/standards/marcxml/schema/MARC21slim.xsd"
    xmlns="http://www.loc.gov/MARC21/slim">

  <leader>00607    a2200181   4500</leader>
  <datafield tag="999" ind1=" " ind2=" ">
    <subfield code="c">26620</subfield>
    <subfield code="d">26620</subfield>
  </datafield>
  <controlfield tag="008">230622b           ||||| |||| 00| 0 eng d</controlfield>
  <datafield tag="020" ind1=" " ind2=" ">
    <subfield code="a">9789353161170</subfield>
    <subfield code="c">Rs899.00</subfield>
  </datafield>
  <datafield tag="082" ind1="0" ind2="0">
    <subfield code="a">658.5</subfield>
    <subfield code="b">C4871</subfield>
  </datafield>
  <datafield tag="100" ind1=" " ind2=" ">
    <subfield code="a">Chase, Richard B. </subfield>
  </datafield>
  <datafield tag="245" ind1=" " ind2=" ">
    <subfield code="a">Operations and Supply Chain Management /</subfield>
  </datafield>
  <datafield tag="250" ind1=" " ind2=" ">
    <subfield code="a">15th ed.</subfield>
  </datafield>
  <datafield tag="260" ind1=" " ind2=" ">
    <subfield code="a">Chennai:</subfield>
    <subfield code="b">McGraw Hill Education (india) pvt. ltd.,</subfield>
    <subfield code="c">2022.</subfield>
  </datafield>
  <datafield tag="300" ind1=" " ind2=" ">
    <subfield code="a">xxviii, 793 p. :</subfield>
    <subfield code="b">ill.;</subfield>
    <subfield code="c">28 cm</subfield>
  </datafield>
  <datafield tag="650" ind1=" " ind2="0">
    <subfield code="a">Production management</subfield>
  </datafield>
  <datafield tag="700" ind1=" " ind2=" ">
    <subfield code="9">5511</subfield>
    <subfield code="a">Shankar, Ravi</subfield>
  </datafield>
  <datafield tag="700" ind1=" " ind2=" ">
    <subfield code="9">5521</subfield>
    <subfield code="a">Jacobs, F. Robert</subfield>
  </datafield>
  <datafield tag="942" ind1=" " ind2=" ">
    <subfield code="2">ddc</subfield>
    <subfield code="c">BK</subfield>
  </datafield>
  <datafield tag="952" ind1=" " ind2=" ">
    <subfield code="0">0</subfield>
    <subfield code="1">0</subfield>
    <subfield code="2">ddc</subfield>
    <subfield code="4">0</subfield>
    <subfield code="6">658_500000000000000_C4871</subfield>
    <subfield code="7">0</subfield>
    <subfield code="9">51348</subfield>
    <subfield code="a">CL</subfield>
    <subfield code="b">CL</subfield>
    <subfield code="c">REF</subfield>
    <subfield code="d">2023-06-22</subfield>
    <subfield code="e">4</subfield>
    <subfield code="g">660.22</subfield>
    <subfield code="o">658.5 C4871</subfield>
    <subfield code="p">14049</subfield>
    <subfield code="r">2023-06-22</subfield>
    <subfield code="v">899.00</subfield>
    <subfield code="y">BK</subfield>
  </datafield>
  <datafield tag="952" ind1=" " ind2=" ">
    <subfield code="0">0</subfield>
    <subfield code="1">0</subfield>
    <subfield code="2">ddc</subfield>
    <subfield code="4">0</subfield>
    <subfield code="6">658_500000000000000_C4871</subfield>
    <subfield code="7">0</subfield>
    <subfield code="9">51349</subfield>
    <subfield code="a">CL</subfield>
    <subfield code="b">CL</subfield>
    <subfield code="d">2023-06-22</subfield>
    <subfield code="e">4</subfield>
    <subfield code="g">660.22</subfield>
    <subfield code="l">2</subfield>
    <subfield code="o">658.5 C4871</subfield>
    <subfield code="p">14050</subfield>
    <subfield code="r">2025-12-19</subfield>
    <subfield code="s">2025-08-20</subfield>
    <subfield code="v">899.00</subfield>
    <subfield code="y">BK</subfield>
  </datafield>
  <datafield tag="952" ind1=" " ind2=" ">
    <subfield code="0">0</subfield>
    <subfield code="1">0</subfield>
    <subfield code="2">ddc</subfield>
    <subfield code="4">0</subfield>
    <subfield code="6">658_500000000000000_C4871</subfield>
    <subfield code="7">0</subfield>
    <subfield code="9">51350</subfield>
    <subfield code="a">CL</subfield>
    <subfield code="b">CL</subfield>
    <subfield code="d">2023-06-22</subfield>
    <subfield code="e">4</subfield>
    <subfield code="g">660.22</subfield>
    <subfield code="l">2</subfield>
    <subfield code="o">658.5 C4871</subfield>
    <subfield code="p">14051</subfield>
    <subfield code="r">2026-02-20</subfield>
    <subfield code="s">2026-02-19</subfield>
    <subfield code="v">899.00</subfield>
    <subfield code="y">BK</subfield>
  </datafield>
</record>
